| 000 | 00548nam a22001817a 4500 | ||
|---|---|---|---|
| 005 | 20251126075833.0 | ||
| 008 | 251117b |||||||| |||| 00| 0 eng d | ||
| 020 | _a978-81-19613-34-9 | ||
| 041 | _aeng | ||
| 082 | _a615.1072 CHA-C | ||
| 100 |
_aCHAUDHARY,TARUN. MATHUR, RIYA UDDIN, DR. REHAN AND SHARMA, DR. U S _98732 |
||
| 245 | _aA COMPLETE LABORATORY MANUAL OF PHARMACOLOGY FOR B. PHARMA | ||
| 250 | _a1 ST ED. 2024 | ||
| 260 |
_aNEW DELHI _bINNOVATIVE PUBLICATION PVT LTD _c2024 |
||
| 300 | _a122;P | ||
| 650 | _aPHARMACY | ||
| 942 | _cBK | ||
| 999 |
_c8904 _d8902 |
||